000 00572nam a2200121Ia 4500
008 220615s9999||||xx |||||||||||||| ||und||
245 0 _aAnnals of Scientific Society for Assembly, Handling and Industrial Robotics 2021
546 _aEnglish[eng]
650 _aOpen Access||Assembly Processes & Systems||Handling & Grasping||Modelling & Simulation||Human-robot-collaboration||Industrial Robotics
700 _aSchüppstuhl, Thorsten||Tracht, Kirsten||Raatz, Annika
856 _uhttps://library.oapen.org/bitstream/20.500.12657/52428/1/978-3-030-74032-0.pdf
942 _cEB
999 _c17182
_d17182